000 00813nam a2200253 a 4500
001 BRCA_8082
005 20190320210125.0
008 030414s1968----gw-a###f##---#001-0#ger-#
041 _ager
044 _agw
050 4 _aNK1125
_b.W45 1968
100 1 _aWellensiek, Hertha
_920089
245 1 0 _aKunstpreisverzeichnis
_b1967-1968
_cHertha Wellensiek und Robert Keiszelist.
260 _aMúnich
_bGMBH
_c1968
300 _a551 p.
_bil.
_c21 cm.
440 0 _aAuktion sergebnisse
_p1.VII.1967 bis 30.VI.1968
_vBand XXIII
_920090
500 _aY114
500 _aCatálogo de subastas inventariado por el Banco de México como libro
650 1 4 _aArtes decorativas
_vSubastas
_920091
650 1 4 _aArtes decorativas
_vCatálogos
_914086
700 1 _aKeyszelist, Robert
_920092
902 _aGFM
942 _2lcc
_cB
999 _c7750
_d7750